00514 2200193 4500245007900000020002200079250001100101100002100112700001900133700002300152650001100175650002200186005001900208260003200227041001400259084001000273300002800283336000900311 aBeing Teens b : Tanya Jawab Seputar Dunia RemajacHenny E. WirawanhText a978-602-768-847-6 aCet. 1 aHenny E. Wirawan aNancy Sitohang aSantoso Sri Buwono aRemaja aPengendalian Diri a20230331104558 aJakartabGunung Muliac2015 aIndonesia a153.8 aviii, 76 hlm. :c21 cm. atext